Balsams in Nilgiris / (Record no. 42731)

MARC details
000 -LEADER
fixed length control field 00716nam a22002057a 4500
005 - DATE AND TIME OF LATEST TRANSACTION
control field 2010082003583.0
010 ## - LCCN (DPL NO)
LC control number ENG-101067
020 ## - INTERNATIONAL STANDARD BOOK NUMBER
International Standard Book Number 9788190711531
Terms of availability 54.00
035 ## - SYSTEM CONTROL NUMBER
System control number EN-84600
037 ## - SOURCE OF ACQUISITION
Source of stock number/acquisition DBAD/PUB
082 ## - DEWEY DECIMAL CLASSIFICATION NUMBER
Classification number 583.79
100 ## - MAIN ENTRY--PERSONAL NAME
Personal name Jayendran, M.
245 ## - TITLE STATEMENT
Title Balsams in Nilgiris /
Statement of responsibility, etc by M. Jayendran
260 ## - PUBLICATION, DISTRIBUTION, ETC. (IMPRINT)
Place of publication, distribution, etc Valparai
Name of publisher, distributor, etc Annamalaiyar Educational Publication
Date of publication, distribution, etc 2007
270 ## - ADDRESS
Address 8/305, Thulasinga Nagar
City Valparai
Postal code 643002
300 ## - PHYSICAL DESCRIPTION
Extent 76p.
Dimensions 20cm (pbk)
Accompanying material b&w photos
650 ## - SUBJECT ADDED ENTRY--TOPICAL TERM
Topical term or geographic name as entry element Balsams
942 ## - ADDED ENTRY ELEMENTS (KOHA)
Source of classification or shelving scheme Dewey Decimal Classification
Item type English Books
Classification part 583.79
Call number suffix JAY
Holdings
Withdrawn status Lost status Not for loan Collection code Home library Current library Date acquired Source of acquisition Cost, normal purchase price Full call number Barcode Copy number Cost, replacement price Koha item type
    Not For Loan Non-fiction D.B.Act.Division D.B.Act.Division 20/08/2010 DBAD/PUB 54.00 583.79 JAY EN-84600 1 54.00 English Books

© Delhi Public Library
Hit Counter
free hit counter